Republic of Belarus : 2018 Article IV Consultation-Press Release; Staff Report; and Statement by the Executive Director for Republic of Belarus.

The Belarusian economy is in a cyclical recovery, inflation is at historically low levels and the exchange rate has been broadly stable. Although macroeconomic policy frameworks have improved, there is a need to reduce deep seated vulnerabilities such as rapidly rising public debt, high dollarizatio...

Disgrifiad llawn

Manylion Llyfryddiaeth
Awdur Corfforaethol: International Monetary Fund. European Dept
Fformat: Cylchgrawn
Iaith:English
Cyhoeddwyd: Washington, D.C. : International Monetary Fund, 2019.
Cyfres:IMF Staff Country Reports; Country Report ; No. 2019/009
Mynediad Ar-lein:Full text available on IMF
LEADER 01861cas a2200241 a 4500
001 AALejournalIMF019011
008 230101c9999 xx r poo 0 0eng d
020 |c 5.00 USD 
020 |z 9781484389003 
022 |a 1934-7685 
040 |a BD-DhAAL  |c BD-DhAAL 
110 2 |a International Monetary Fund.  |b European Dept. 
245 1 0 |a Republic of Belarus :   |b 2018 Article IV Consultation-Press Release; Staff Report; and Statement by the Executive Director for Republic of Belarus. 
264 1 |a Washington, D.C. :  |b International Monetary Fund,  |c 2019. 
300 |a 1 online resource (82 pages) 
490 1 |a IMF Staff Country Reports 
500 |a <strong>Off-Campus Access:</strong> No User ID or Password Required 
500 |a <strong>On-Campus Access:</strong> No User ID or Password Required 
506 |a Electronic access restricted to authorized BRAC University faculty, staff and students 
520 3 |a The Belarusian economy is in a cyclical recovery, inflation is at historically low levels and the exchange rate has been broadly stable. Although macroeconomic policy frameworks have improved, there is a need to reduce deep seated vulnerabilities such as rapidly rising public debt, high dollarization, and limited trade and financing diversification. In addition, reforms of the large state-owned enterprise sector are critical to tackle inefficiencies and increase potential growth. Risks ahead are elevated; notably, Belarus could lose significant oil-related discounts and transfers due to internal tax changes in Russia, but the authorities are confident of a successful outcome to the ongoing negotiations. 
538 |a Mode of access: Internet 
830 0 |a IMF Staff Country Reports; Country Report ;  |v No. 2019/009 
856 4 0 |z Full text available on IMF  |u http://elibrary.imf.org/view/journals/002/2019/009/002.2019.issue-009-en.xml  |z IMF e-Library